Дело о погребении в Александро-Невской лавре разных лиц

Доступно только в Электронных читальных залах Найти на картеНа карте
RUSMARC
00003679nmc2a2200000 x 450
0011a50260c-52df-4fb5-98ee-1b8c06588eb0
00520171111004046.0
100##$a20140828l19131913k l0rusy0189 ca
1010#$arus
102##$aRU
2001#$aДело о погребении в Александро-Невской лавре разных лиц
$jмай 1913 г.
$hЧасть 5
251##$cДело
300##$aДело
801#0$aRU
$bРГИА
$c20140828
$gRCR
801#1$aRU
$bГлавНИВЦ
$c20140828
$2rusmarc
801#2$aRU
$bПБ им. Б.Н. Ельцина
$c20171111
$gRCR
$2rusmarc
850##$aРГИА
852##$aРГИА
$eФедеральное казенное учреждение "Российский государственный исторический архив" (РГИА)
$j6
$lд
937##$hРГИА
$d12099221
$aASBIBLIO_SCAN
462#0$100190c9800f-e78e-4ea8-8645-4ae5ee4f9f12
$12001
$aДела Александро-Невской лавры за 1913 г.
$1251
$cОпись
$1852
$j11
$l1913 г.
461#0$1001797db5dd-11cb-45cb-8b15-b71eb4796399
$12001
$aАлександро-Невская лавра
$1251
$cФонд
$1852
$j815
215##$a150 л.
$d36,5x26 см
371##$aДокумент не является опубликованным и широко распространяемым
105##$ay###
1222#$ad
035##$a1a50260c-52df-4fb5-98ee-1b8c06588eb0
856##$uhttp://readingroom.main.prlib.ru/item.aspx?id_node=n108884172&mode=full
Формат отображения